000 00212nam a2200085Ia 4500
008 120527s9999 xx 000 0 und d
100 _aLevin & Fox
245 _aElementary Statistics in social research
942 _cBK
999 _c27835
_d27835